guess fnaf songs - Statistics

General Stats
  • This quiz has been taken 778 times
  • The average score is 7 of 15
Answer Stats
Hint Answer % Correct
i dont know what i was thinking leaving my child behind its been so long
82%
they took away my face they took away my arm the bonnie song
79%
you can run you cant hide, we'll always seek, we'll always find you cant hide
77%
i'll stay strong we live internally. all is hell in the afton family afton family
75%
some bots are just distractions some bot are just gold just gold
75%
lets try to make it right, don't wanna start a fight survive the night
73%
funtime watching you at night. come here never fear our bite funtime dance floor
56%
i feel like, you are not trusting me enough trust me
48%
im about to fall apart, already half way there, i guess thats a start the mangle song
39%
its twelve A.M and all the bots roam free. Stretch our your legs to prevent rusting. hey hey mike what you think of my new mixtape bonnies mixtape
35%
Second night Will we survive This Demonized Animatronic? Come third night I've lost my sight Reset the cameras Seal the air vent Listen closely Hear him crawling In the air ducts System reset! Hallucinating Vision fading They're watching me Anticipating run run
34%
im living in a memory, i loosing all my sanity. have you ever seen what ive seen memory
26%
cant decide weither im dead or alive there seems to be more voices in my head than just mine alive
18%
Creatures are waiting, anticipating Eyes revealing a glow Grinning now for the show Awaiting everyone to come home shadow bonnie song
16%
I feel so outta place Please stand by Await your deadly fate Glitching through the system Can't outrun Better watch your step If not I'll come lolbit song
15%
No matching quizzes found
Score Distribution
Percent of People with Each Score
Percentile by Number Answered
Your Score History
You have not taken this quiz